Electronic Noise and Interfering Signals : Principles and Applications

Guardado en:
Detalles Bibliográficos
Autor principal: Vasilescu, Gabriel (Autor)
Formato: Libro
Lenguaje:inglés
Publicado: Berlin : Springer Verlag, 2005
Materias:
Etiquetas: Agregar Etiqueta
Sin Etiquetas, Sea el primero en etiquetar este registro!

MARC

LEADER 00000nam a22000003a 4500
001 stu98652
005 20150617225821.7
008 051129s2005----gw------------------eng-d
020 |a 3-540-40741-3 
040 |a STU  |b slo 
041 0 |a eng 
044 |a gw 
080 |a 621.382.049.7 
080 |a 621.391.82 
100 1 |a Vasilescu, Gabriel  |4 aut 
245 1 |a Electronic Noise and Interfering Signals :  |b Principles and Applications 
260 |a Berlin :  |b Springer Verlag,  |c 2005 
300 |a 709 s 
650 7 |a šumy  |2 stusub 
650 7 |a rušenie signálov  |2 stusub 
996 |b 284EK85779  |c E*85779  |l EE12  |s P  |a 0  |w stu98652_0001